Random Knowledge Quiz #46 - Statistics

General Stats
  • This quiz has been taken 184 times
  • The average score is 9 of 15
Answer Stats
Question Answer % Correct
The line "To be or not to be" comes from which Shakespeare play? Hamlet
89%
If you tipped 20% on a $15 bill, how much would the tip be? 3 dollars
87%
What body part is the statue Venus de Milo missing? Arms
85%
What is the most common pizza topping? Pepperoni
80%
What scale is used to measure earthquakes? The Richter Scale
77%
On what day of the year do fans celebrate "National Star Wars Day?" May 4th
70%
What hairstyle is known as "business in the front, party in the back?" The mullet
69%
Finish these lyrics: Oh, what a laugh it would have been / If daddy had only seen / Mommy kissing... Santa Claus last night
66%
What does "GDP" stand for? Gross domestic product
65%
What is the joule a unit of? Energy
63%
The Olympics in 1972 when terrorists took Israeli team members as hostages took place in which city? Munich
49%
Who is the first (and so far only) Disney princess to have a tattoo? Pocahontas
42%
Who sent Christopher Columbus to explore the New World? King Ferdinand of Spain
33%
What is the most expensive piece of jewelry in the world? The Hope Diamond
23%
Which singer is the godmother to Elton John's sons? Lady Gaga
19%
No matching quizzes found
Score Distribution
Percent of People with Each Score
Percentile by Number Answered
Your Score History
You have not taken this quiz